| 000 | 00848nas a2200277 4500 | ||
|---|---|---|---|
| 001 | BR8807487 | ||
| 003 | BR-BrBNA | ||
| 005 | 20231205091410.0 | ||
| 007 | ta | ||
| 008 | 230509b bl.|||p| |||| 00| 00por d | ||
| 040 |
_aBR-BrBNA _bpor _cBiblioteca Nacional de Agricultura |
||
| 041 | _a(Pt) | ||
| 072 | _aK50; J12 | ||
| 100 | 1 | _aAuer, C.G. | |
| 100 | 1 | _aFerrari, M.P. | |
| 100 | 1 | _aTomazello Filho, M. | |
| 100 | 1 | _aBarrichelo, L.E.G. | |
| 245 | 1 | _aEstrutura anatomica e composicao quimica de cavacos de madeira de eucalipto inoculados com o fungo Thermoascus aurantiacus | |
| 650 | _aEUCALIPTO | ||
| 650 | _aMADEIRA | ||
| 650 | _aPRESERVACAO DA MADEIRA | ||
| 650 | _aFUNGO | ||
| 773 | 0 |
_tIPEF (Brazil) _xISSN 0100-4557 _g(Dec 1987), (no. 37) p. 45-50 _wBR8807487 |
|
| 909 |
_a202311 _bLúcia _c55 _dLúcia Elande |
||
| 942 |
_2AGRIS _n0 _cANA |
||
| 999 |
_c124815 _d124815 |
||